LEADER 02635nam2 2200601 i 450 001 VAN00055579 005 20260306015959.124 010 $a35-405-4451-8 010 $a978-35-405-4451-7 100 $a20061109d1993 |0itac50 ba 101 $aeng 102 $aDE 105 $a|||| ||||| 181 $ai$b e 182 $an 183 $anc 200 1 $aˆ5: ‰Complex Analysis in Partial Differential Equations and Mathematical Physics$fG. M. Khenkin (ed.) 210 $aBerlin$aHeidelberg$cSpringer-Verlag$d1993 215 $a286 p.$d24 cm 300 $aTraduzione dal russo 410 1$1001VAN00024175$12001 $aEncyclopaedia of mathematical sciences$feditor in chief: R. V. Gamkrelidze$1210 $aBerlin [etc.]$cSpringer$v54 461 1$1001VAN00287094$12001 $aSeveral complex variables$1210 $aBerlin$cSpringer$d1990-$1215 $avolumi$d24 cm$1300 $aI curatori variano$v5 500 1$3VAN00301869$aMnogie peremennye 5$94530135 606 $a00B15$xCollections of articles of miscellaneous specific interest [MSC 2020]$3VANC023985$2MF 606 $a32-XX$xSeveral complex variables and analytic spaces [MSC 2020]$3VANC024999$2MF 610 $aComplex Analysis$9KW:K 610 $aComplex geometry$9KW:K 610 $aCoordinate Transformations$9KW:K 610 $aDifferential geometry$9KW:K 610 $aField theory$9KW:K 610 $aGeneral Relativity$9KW:K 610 $aGeometry$9KW:K 610 $aQuantum Field Theory$9KW:K 610 $aRadon-Penrose transforms$9KW:K 610 $aRelativity$9KW:K 610 $aString Theory$9KW:K 610 $aTransforms$9KW:K 620 $dBerlin$3VANL000066 620 $aDE$dHeidelberg$3VANL000282 702 1$aKhenkin$bGennadij M.$3VANV044060$4340 712 $aSpringer $3VANV108073$4650 790 1$aKhenkin, G.M.$zKhenkin, Gennadij M.$3VANV241506 790 1$aHenkin, Gennadi M.$zKhenkin, Gennadij M.$3VANV241507 790 1$aCenkin, Gennadij M.$zKhenkin, Gennadij M.$3VANV241503 790 1$aCenkin, Gennadij Markovich$zKhenkin, Gennadij M.$3VANV241504 790 1$aKhenkin, G. M.$zKhenkin, Gennadij M.$3VANV241505 801 $aIT$bSOL$c20260313$gRICA 856 4 $u/sebina/repository/catalogazione/documenti/Khenkin - Several complex variables V.pdf$zContents 899 $aBIBLIOTECA DEL DIPARTIMENTO DI MATEMATICA E FISICA$1IT-CE0120$2VAN08 912 $aVAN00055579 950 $aBIBLIOTECA DEL DIPARTIMENTO DI MATEMATICA E FISICA$d08PREST 32-XX 4013 $e08 2666 V 20061109 996 $aMnogie peremennye 5$94530135 997 $aUNICAMPANIA